Xã hội học lối sống
Trình bày cơ sở lý thuyết và phân tích một số chủ đề trong xã hội học lối sống như lối sống truyền thống của người Việt Nam, lối sống và giá trị, lối sống - hành vi tiêu dùng và hành vi sử dụng thời gian nhàn rỗi....
Gardado en:
| Autor Principal: | |
|---|---|
| Formato: | Libro |
| Idioma: | Undetermined |
| Publicado: |
Thành phố Hồ Chí Minh
Đại học Quốc gia Thành phố Hồ Chí Minh
2016
|
| Những chủ đề: | |
| Các nhãn: |
Engadir etiqueta
Sen Etiquetas, Sexa o primeiro en etiquetar este rexistro!
|
| Thư viện lưu trữ: | Trung tâm Học liệu Trường Đại học Cần Thơ |
|---|
| LEADER | 01080nam a2200229Ia 4500 | ||
|---|---|---|---|
| 001 | CTU_237517 | ||
| 008 | 210402s9999 xx 000 0 und d | ||
| 020 | |c 65000 | ||
| 082 | |a 302.5 | ||
| 082 | |b Qu603 | ||
| 100 | |a Lâm, Thị Ánh Quyên | ||
| 245 | 0 | |a Xã hội học lối sống | |
| 245 | 0 | |c Lâm Thị Ánh Quyên | |
| 260 | |a Thành phố Hồ Chí Minh | ||
| 260 | |b Đại học Quốc gia Thành phố Hồ Chí Minh | ||
| 260 | |c 2016 | ||
| 520 | |a Trình bày cơ sở lý thuyết và phân tích một số chủ đề trong xã hội học lối sống như lối sống truyền thống của người Việt Nam, lối sống và giá trị, lối sống - hành vi tiêu dùng và hành vi sử dụng thời gian nhàn rỗi. | ||
| 526 | |a Xã hội học lối sống | ||
| 526 | |b XN372 | ||
| 650 | |a Sức khỏe và hành vi xã hội,Social behaviour and health | ||
| 910 | |b dqhieu | ||
| 980 | |a Trung tâm Học liệu Trường Đại học Cần Thơ | ||